[Event "26.Schlosspark-Open"]
[Site "Wiesbaden-Biebrich"]
[Date "2014.08.30"]
[Round "5.58"]
[White "Thybo, Thomas Sondergaard"]
[Black "Bolduan, Michael"]
[Result "1/2-1/2"]
[WhiteElo "1525"]
[BlackElo "1870"]
[PlyCount "77"]
[EventDate "2014.??.??"]
[WhiteTeam "Morso Skak Klub"]
[BlackTeam "SC Taunusstein 1966"]

1. e4 e6 2. d4 d5 3. exd5 exd5 4. c4 Nf6 5. Bg5 Be7 6. Nf3 O-O 7. Be2 dxc4 8.
Bxc4 Bb4+ 9. Nc3 Re8+ 10. Ne5 Be6 11. O-O Bxc4 12. Nxc4 c6 13. Qb3 Bxc3 14.
bxc3 b5 15. Ne5 Qd5 16. Bxf6 gxf6 17. Qxd5 cxd5 18. Nd3 Nd7 19. Rfe1 Rxe1+ 20.
Rxe1 Rc8 21. Rc1 a5 22. a3 Kf8 23. f4 Ke7 24. f5 Kd6 25. Kf2 Rc4 26. Nb2 Rc7
27. a4 Rb7 28. Rc2 bxa4 29. Nxa4 Rb3 30. c4 dxc4 31. Rxc4 Nb6 32. Nxb6 Rxb6 33.
Ra4 Rb5 34. g4 h5 35. Kg3 hxg4 36. Kxg4 Rb4 37. Rxa5 Rxd4+ 38. Kh5 Ke7 39. Rb5
1/2-1/2

[Event "26.Schlosspark-Open"]
[Site "Wiesbaden-Biebrich"]
[Date "2014.08.30"]
[Round "5.59"]
[White "Schimmele, Alexander"]
[Black "Viol, Julius"]
[Result "1-0"]
[WhiteElo "1829"]
[BlackElo "1516"]
[PlyCount "73"]
[EventDate "2014.??.??"]
[WhiteTeam "SC Neckarsulm e.V."]
[BlackTeam "FC 1934 Wiesbaden-Bierstadt"]

1. e4 c5 2. Nf3 a6 3. c4 Nc6 4. Nc3 d6 5. d4 cxd4 6. Nxd4 g6 7. Be3 Bg7 8. Be2
Bd7 9. O-O Qc7 10. Nd5 Qd8 11. Nxc6 Bxc6 12. Bb6 Qc8 13. Nc7+ Kf8 14. Nxa8 Qxa8
15. Qc2 Nf6 16. Bf3 Nd7 17. Ba5 h5 18. Rad1 Ne5 19. c5 Nxf3+ 20. gxf3 Be5 21.
Bc3 Qc8 22. cxd6 exd6 23. Bxe5 dxe5 24. Qc5+ Kg8 25. Qxe5 Kh7 26. Qf6 Rf8 27.
Rd6 Qh3 28. Qf4 Bb5 29. Re1 Bc4 30. b3 Be6 31. Rb6 Bc8 32. Rc1 Kg8 33. Rc7 Kg7
34. Rf6 Be6 35. Qe5 Kg8 36. Rxg6+ Kh7 37. Qg7# 1-0

[Event "26.Schlosspark-Open"]
[Site "Wiesbaden-Biebrich"]
[Date "2014.08.30"]
[Round "5.60"]
[White "Traut, Stefan"]
[Black "Serbu, Eli"]
[Result "0-1"]
[WhiteElo "1759"]
[BlackElo "2150"]
[PlyCount "142"]
[EventDate "2014.??.??"]
[WhiteTeam "SF Heusenstamm"]
[BlackTeam "Wiesbadener SV 1885"]

1. d4 Nf6 2. Nf3 g6 3. c4 Bg7 4. Nc3 d5 5. cxd5 Nxd5 6. e4 Nxc3 7. bxc3 c5 8.
Rb1 O-O 9. Be2 Nd7 10. O-O Nf6 11. Bd3 cxd4 12. cxd4 b6 13. Qe2 Bg4 14. Be3 Ne8
15. d5 Qd6 16. h3 Bd7 17. Rfc1 e6 18. dxe6 Bxe6 19. Bc4 Nc7 20. Rd1 Qc6 21.
Bxe6 Nxe6 22. e5 Qe4 23. Qd3 Qxd3 24. Rxd3 Rfd8 25. Rbd1 Kf8 26. Kf1 Ke8 27.
Ke2 Rxd3 28. Rxd3 Rc8 29. Rd2 Rc4 30. Bd4 Nf4+ 31. Ke3 Nxg2+ 32. Kd3 Rc1 33.
Bb2 Ne1+ 34. Nxe1 Rxe1 35. f4 Rh1 36. Ke4 Bf8 37. Rd3 Bc5 38. Kd5 Rf1 39. Ke4
Ke7 40. Bd4 Bb4 41. Bc3 Rb1 42. Bxb4+ Rxb4+ 43. Kf3 Ra4 44. a3 Rc4 45. Kg4 h6
46. h4 b5 47. Rf3 Rc1 48. Rd3 Rg1+ 49. Kf3 Ra1 50. Rc3 Kd7 51. Ke4 Rd1 52. Rh3
h5 53. Rc3 a6 54. Kf3 Rd4 55. Ke3 Ra4 56. Kf3 a5 57. Ke3 b4 58. axb4 Rxb4 59.
Rd3+ Ke7 60. Rd6 Rb3+ 61. Ke4 Rh3 62. Ra6 Rxh4 63. Rxa5 Rh1 64. Ra7+ Kf8 65.
Ra8+ Kg7 66. Ra7 Rf1 67. Kd5 Rxf4 68. e6 Rf6 69. e7 Re6 70. Rd7 Kf6 71. Rd6
Kxe7 0-1

[Event "26.Schlosspark-Open"]
[Site "Wiesbaden-Biebrich"]
[Date "2014.08.30"]
[Round "5.61"]
[White "Villani, Cristian"]
[Black "Resa, Hans Farid"]
[Result "1-0"]
[WhiteElo "2032"]
[BlackElo "1747"]
[PlyCount "55"]
[EventDate "2014.??.??"]
[WhiteTeam "SK Durlach"]
[BlackTeam "Sfr.Heimersheim"]

1. Nf3 Nf6 2. c4 g6 3. Nc3 d5 4. cxd5 Nxd5 5. e4 Nxc3 6. dxc3 Qxd1+ 7. Kxd1 Bg4
8. Be2 Nc6 9. h3 O-O-O+ 10. Kc2 Bxf3 11. Bxf3 Ne5 12. Be2 Bg7 13. Be3 Kb8 14.
Rad1 h5 15. g3 e6 16. Bd4 Bf6 17. a4 Nd7 18. Be3 Be7 19. b4 c5 20. b5 b6 21.
Bf4+ Kc8 22. a5 Nf6 23. axb6 axb6 24. Bf3 Ne8 25. Ra1 g5 26. Ra8+ Kb7 27. e5+
Rd5 28. Rha1 1-0

[Event "26.Schlosspark-Open"]
[Site "Wiesbaden-Biebrich"]
[Date "2014.08.30"]
[Round "5.62"]
[White "Seehaus, Bernhard"]
[Black "Scholl, Alois"]
[Result "1-0"]
[WhiteElo "2016"]
[BlackElo "1733"]
[PlyCount "45"]
[EventDate "2014.??.??"]
[WhiteTeam "Schachforum Darmstadt 1994"]
[BlackTeam "SV Schwalbach"]

1. Nc3 e6 2. f4 f5 3. e4 g6 4. e5 d6 5. d4 dxe5 6. dxe5 Qxd1+ 7. Kxd1 a6 8. Bc4
Nc6 9. Nf3 Be7 10. a3 Nh6 11. h3 Bd7 12. Ke2 Nf7 13. Be3 O-O 14. Rad1 Bc8 15.
Rd2 b5 16. Ba2 Nfd8 17. Rhd1 Na5 18. Nd5 Kf7 19. Nxe7 Bb7 20. Ng5+ Kg7 21. Rd7
Nc4 22. Nxf5+ Kg8 23. Nh6+ 1-0

[Event "26.Schlosspark-Open"]
[Site "Wiesbaden-Biebrich"]
[Date "2014.08.30"]
[Round "5.63"]
[White "Lehmann, Falko"]
[Black "Rump, Andreas"]
[Result "0-1"]
[WhiteElo "1578"]
[BlackElo "1939"]
[PlyCount "52"]
[EventDate "2014.??.??"]
[WhiteTeam "SC Taunusstein 1966"]
[BlackTeam "SG Turm Idstein"]

1. d4 Nf6 2. Nf3 b6 3. e3 e6 4. Bd3 Bb7 5. Nbd2 d5 6. O-O Bd6 7. Re1 Ne4 8. c3
Nd7 9. Qc2 f5 10. c4 O-O 11. b3 Rc8 12. cxd5 exd5 13. Nf1 Qf6 14. N3d2 Qh4 15.
Nf3 Qh6 16. g3 Ndf6 17. Nh4 Nh5 18. f3 Nhxg3 19. hxg3 Bxg3 20. fxe4 fxe4 21.
Nxg3 Qxh4 22. Bxe4 Qxg3+ 23. Bg2 Qxe1+ 24. Kh2 Rf2 25. Qd3 Rcf8 26. Ba3 Rxg2+
0-1

[Event "26.Schlosspark-Open"]
[Site "Wiesbaden-Biebrich"]
[Date "2014.08.30"]
[Round "5.64"]
[White "Hipler, Andreas"]
[Black "Ley, Sabrina"]
[Result "1-0"]
[WhiteElo "1872"]
[BlackElo "1597"]
[PlyCount "67"]
[EventDate "2014.??.??"]
[WhiteTeam "SK Gau-Algesheim"]
[BlackTeam "SV Turm Lahnstein"]

1. d4 Nf6 2. Nf3 g6 3. Nc3 Bg7 4. e4 d6 5. Be3 O-O 6. Qd2 Re8 7. Bh6 Bh8 8. h3
c5 9. dxc5 dxc5 10. O-O-O Qxd2+ 11. Rxd2 e6 12. Bb5 Bd7 13. e5 Bxb5 14. Nxb5
Nd5 15. c4 Nb6 16. Nc7 Nc6 17. Nxe8 Rxe8 18. b3 Re7 19. Rhd1 Re8 20. Kb1 Bg7
21. Bxg7 Kxg7 22. Kb2 a5 23. Kc3 h6 24. Re2 Re7 25. Ne1 Nd4 26. Red2 Rc7 27.
Nc2 Nc6 28. f4 Ne7 29. Na3 Nf5 30. Nb5 Re7 31. g4 Nh4 32. Rd8 Nf3 33. Nd6 Nd4
34. Ne8+ 1-0

[Event "26.Schlosspark-Open"]
[Site "Wiesbaden-Biebrich"]
[Date "2014.08.30"]
[Round "5.65"]
[White "Sefeloge, Michael"]
[Black "Gelfenbaum, Daniel"]
[Result "1/2-1/2"]
[WhiteElo "1818"]
[BlackElo "1716"]
[PlyCount "114"]
[EventDate "2014.??.??"]
[WhiteTeam "SV Turm Lahnstein"]
[BlackTeam "SAbt TuS Makkabi Ffm"]

1. d4 d5 2. c4 e6 3. e3 Nf6 4. Nc3 Be7 5. Nf3 O-O 6. Be2 Nbd7 7. O-O a6 8. b3
b6 9. Bb2 Bb7 10. Rc1 c5 11. cxd5 Nxd5 12. Nxd5 Bxd5 13. Qc2 Qc7 14. dxc5 bxc5
15. Rfd1 Rfc8 16. Nd2 Bf6 17. Nc4 Bxb2 18. Nxb2 Nf6 19. Na4 Nd7 20. Qd2 Qe5 21.
e4 Qxe4 22. Bf3 Qf5 23. Bxd5 Qxd5 24. Qxd5 exd5 25. Rxd5 Ra7 26. Rcd1 Nf8 27.
Rxc5 Rac7 28. Rdc1 Rxc5 29. Rxc5 Rd8 30. g3 Ne6 31. Rc6 Rb8 32. Nb6 Rd8 33. Rc8
Rxc8 34. Nxc8 Kf8 35. Kf1 Ke8 36. Ke2 Kd7 37. Nb6+ Kc6 38. Nc4 f6 39. Ke3 g6
40. f4 h6 41. h4 f5 42. Ne5+ Kb5 43. Nxg6 Kb4 44. Ne7 Ng7 45. Kd3 Ka3 46. Kc4
Kxa2 47. b4 Ka3 48. b5 axb5+ 49. Kxb5 Kb3 50. Kc5 Kc3 51. Kd5 Kd3 52. Ke5 Ke3
53. Kf6 Ne8+ 54. Kxf5 Kf3 55. Kg6 Kxg3 56. f5 Nd6 57. Nd5 Nxf5 1/2-1/2

[Event "26.Schlosspark-Open"]
[Site "Wiesbaden-Biebrich"]
[Date "2014.08.30"]
[Round "5.66"]
[White "Binfet, Daniel"]
[Black "Lessmann, Sven"]
[Result "1-0"]
[WhiteElo "1817"]
[BlackElo "1686"]
[PlyCount "65"]
[EventDate "2014.??.??"]
[WhiteTeam "TuS Makkabi Wiesbaden"]
[BlackTeam "SC Bad Soden"]

1. e4 d6 2. d4 Nf6 3. f3 g6 4. c4 Bg7 5. Be3 O-O 6. Nc3 Nbd7 7. Bd3 c6 8. Nge2
e5 9. d5 cxd5 10. cxd5 a6 11. Rc1 b5 12. O-O Nb6 13. b4 Bb7 14. a4 Nc4 15. Bxc4
bxc4 16. a5 Bc8 17. Na4 Nd7 18. Rxc4 Rb8 19. Qd2 f5 20. Rfc1 f4 21. Bf2 h5 22.
Rc6 Qf6 23. Nc5 Nxc5 24. bxc5 Rd8 25. cxd6 Bb7 26. Rc7 Qxd6 27. Ba7 Bf8 28.
Bxb8 Rxb8 29. Qb2 Qb4 30. Qxe5 Rc8 31. Qe6+ Kh8 32. Qf6+ Kg8 33. Qf7+ 1-0

[Event "26.Schlosspark-Open"]
[Site "Wiesbaden-Biebrich"]
[Date "2014.08.30"]
[Round "5.67"]
[White "Schmitt, Clemens"]
[Black "Sergakis, Leonidas"]
[Result "1-0"]
[WhiteElo "1581"]
[BlackElo "1803"]
[PlyCount "33"]
[EventDate "2014.??.??"]
[WhiteTeam "SV Bergwinkel"]
[BlackTeam "O.F.C Chania"]

1. c4 d6 2. g3 e5 3. Bg2 Nf6 4. Nc3 c6 5. e4 Be7 6. Nge2 O-O 7. O-O Be6 8. b3
a5 9. Ba3 Na6 10. d4 Qd7 11. dxe5 Ne8 12. exd6 Bxd6 13. Bxd6 Qxd6 14. Qxd6 Nxd6
15. e5 Nf5 16. Ne4 Nc5 17. Nxc5 1-0

[Event "26.Schlosspark-Open"]
[Site "Wiesbaden-Biebrich"]
[Date "2014.08.30"]
[Round "5.68"]
[White "Jordake, Michael"]
[Black "Meier, Alexander"]
[Result "0-1"]
[WhiteElo "1802"]
[BlackElo "1345"]
[PlyCount "116"]
[EventDate "2014.??.??"]
[WhiteTeam "SC Bergen-Enkheim 1922"]
[BlackTeam "SC Taunusstein 1966"]

1. Nc3 d5 2. e4 dxe4 3. Nxe4 Nc6 4. Bc4 e6 5. c3 Nf6 6. Ng3 Ne5 7. d4 Nxc4 8.
Qa4+ Qd7 9. Qxc4 c6 10. Nf3 Be7 11. O-O O-O 12. Bf4 a5 13. Ne5 Qd5 14. Qd3 Nh5
15. Nxh5 f6 16. Nc4 Qxh5 17. Nb6 Ra6 18. Bc7 Qf7 19. Nxc8 Rxc8 20. Bg3 Rd8 21.
Qf3 Raa8 22. Bc7 Rd7 23. Bf4 Rd5 24. Be3 Rdd8 25. Rfe1 Bd6 26. a3 e5 27. Rad1
exd4 28. Bxd4 c5 29. Be3 Rab8 30. g3 b6 31. Rd5 Bc7 32. Red1 Rxd5 33. Rxd5 Rd8
34. c4 Rxd5 35. cxd5 Qd7 36. Kg2 Kf8 37. h3 Be5 38. Bc1 Ke7 39. Qe4 Kd6 40. f4
Bd4 41. f5 Be5 42. g4 Qf7 43. Kf3 Qxd5 44. Qxd5+ Kxd5 45. b3 Ba1 46. Ke3 Bd4+
47. Kd3 b5 48. Bd2 c4+ 49. bxc4+ bxc4+ 50. Kc2 a4 51. Bb4 Bc5 52. Bxc5 Kxc5 53.
Kc3 Kd5 54. h4 h6 55. h5 Kc5 56. Kc2 Kd4 57. Kd2 c3+ 58. Kc2 Kc4 0-1

[Event "26.Schlosspark-Open"]
[Site "Wiesbaden-Biebrich"]
[Date "2014.08.30"]
[Round "5.69"]
[White "Marzec, Witold"]
[Black "Kirchner, Johanna"]
[Result "1-0"]
[WhiteElo "1800"]
[BlackElo "1203"]
[PlyCount "73"]
[EventDate "2014.??.??"]
[WhiteTeam "vereinslos"]
[BlackTeam "SF Schöneck"]

1. d4 e6 2. c4 d5 3. Nf3 Nf6 4. Bg5 Nc6 5. e3 h6 6. Bh4 Be7 7. Nc3 O-O 8. Bd3
b6 9. a3 Ba6 10. cxd5 Bxd3 11. dxc6 Bf5 12. Ne5 Ne4 13. Bxe7 Qxe7 14. O-O Nxc3
15. bxc3 Qd6 16. Qa4 Be4 17. f3 Bf5 18. e4 Bh7 19. Rfd1 Qe7 20. Nd7 Rfd8 21. e5
Qg5 22. Re1 Bf5 23. Kh1 h5 24. Qd1 a5 25. c4 Ra6 26. d5 Ra7 27. d6 Kh8 28. Qd4
h4 29. h3 Qg3 30. Qg1 cxd6 31. Qxb6 Bxh3 32. Qxd8+ Kh7 33. Re2 Bxg2+ 34. Rxg2
Qh3+ 35. Kg1 Qxf3 36. Qxh4+ Kg8 37. Qg3 1-0

[Event "26.Schlosspark-Open"]
[Site "Wiesbaden-Biebrich"]
[Date "2014.08.30"]
[Round "5.70"]
[White "Schneider, Kevin"]
[Black "Zerhusen, Martin"]
[Result "1/2-1/2"]
[WhiteElo "1155"]
[BlackElo "1786"]
[PlyCount "97"]
[EventDate "2014.??.??"]
[WhiteTeam "SC Turm Breuberg"]
[BlackTeam "SV Oberursel"]

1. e4 c5 2. Nf3 Nc6 3. Nc3 d6 4. Bc4 g6 5. O-O Bg7 6. Re1 a6 7. a4 Bg4 8. Be2
Nf6 9. d3 O-O 10. Bd2 Rb8 11. Qc1 Qc7 12. h3 Bd7 13. Bh6 Rfc8 14. Bg5 Be6 15.
Bh4 Nd4 16. Rb1 Nc6 17. b3 Qa5 18. Nd1 Nd4 19. Ne3 Nc6 20. Ng5 Bd7 21. Bf1 Qd8
22. Nc4 b5 23. axb5 axb5 24. Nd2 Nd4 25. Ngf3 e5 26. c3 Nxf3+ 27. Nxf3 b4 28.
c4 Qf8 29. Bg5 Ra8 30. Qb2 Ra6 31. Ra1 Rca8 32. Rxa6 Rxa6 33. Bxf6 Bxf6 34. Ra1
Qa8 35. Rxa6 Qxa6 36. Nd2 Qa3 37. Qc2 Bg5 38. Nf3 Bc1 39. Be2 f5 40. Nh2 Kg7
41. f3 Qa1 42. Nf1 f4 43. Bd1 g5 44. Kh2 Kg6 45. Qe2 Qd4 46. Qc2 Ba3 47. Qe2
Bc1 48. Qc2 Ba3 49. Qe2 1/2-1/2

[Event "26.Schlosspark-Open"]
[Site "Wiesbaden-Biebrich"]
[Date "2014.08.30"]
[Round "5.71"]
[White "Brandl, Lea Maria"]
[Black "Jakesevic, Ivan"]
[Result "1/2-1/2"]
[WhiteElo "1781"]
[BlackElo "1107"]
[PlyCount "78"]
[EventDate "2014.??.??"]
[WhiteTeam "TSV Schott Mainz"]
[BlackTeam "FC 1934 Wiesbaden-Bierstadt"]

1. d4 d6 2. c4 b6 3. Nc3 a6 4. Nf3 e6 5. Bf4 Bb7 6. e3 Nd7 7. Bd3 g6 8. O-O Bg7
9. e4 Ne7 10. Qe2 O-O 11. Rfd1 Rc8 12. Rac1 h6 13. Qd2 Kh7 14. Bb1 Ng8 15. Ne2
Qe7 16. h4 e5 17. dxe5 Nxe5 18. Nxe5 Bxe5 19. Bxe5 Qxe5 20. Nc3 Nf6 21. Re1
Rfe8 22. Nd5 Bxd5 23. exd5 Qh5 24. Qf4 Kg7 25. g3 Rxe1+ 26. Rxe1 Re8 27. Rxe8
Nxe8 28. Qd4+ Qe5 29. Qxe5+ dxe5 30. f3 Nd6 31. b3 a5 32. Kf2 f5 33. Ke3 Kf6
34. Bd3 h5 35. a3 Kf7 36. b4 axb4 37. axb4 Kf6 38. c5 bxc5 39. bxc5 Nb7 1/2-1/2

[Event "26.Schlosspark-Open"]
[Site "Wiesbaden-Biebrich"]
[Date "2014.08.30"]
[Round "5.72"]
[White "Kirchner, Stefan"]
[Black "Brandt, Michael"]
[Result "1/2-1/2"]
[WhiteElo "1425"]
[BlackElo "1762"]
[PlyCount "75"]
[EventDate "2014.??.??"]
[WhiteTeam "SF Schöneck"]
[BlackTeam "Wiesbadener SV 1885"]

1. e4 c5 2. Nf3 Nc6 3. d4 cxd4 4. Nxd4 Nf6 5. Nc3 e5 6. Nb3 Bb4 7. Bd2 Bxc3 8.
Bxc3 Nxe4 9. Qf3 Nxc3 10. Qxc3 O-O 11. h4 d5 12. O-O-O d4 13. Qg3 Be6 14. a3
Rc8 15. Kb1 Qc7 16. Bd3 Ne7 17. Rc1 Bf5 18. Qf3 Bxd3 19. Qxd3 Rfe8 20. Nd2 Nc6
21. h5 h6 22. g4 Re6 23. Ne4 Qe7 24. Rcg1 f6 25. f3 Nd8 26. Qd2 Nf7 27. Rf1 Ng5
28. Ng3 Rb6 29. Ka1 Qc7 30. Rh2 Rc6 31. Kb1 Ne6 32. Qd3 e4 33. fxe4 Nf4 34.
Qb3+ Kh8 35. Rd2 Ne6 36. Nf5 a6 37. Rff2 Nc5 38. Qf3 1/2-1/2

[Event "26.Schlosspark-Open"]
[Site "Wiesbaden-Biebrich"]
[Date "2014.08.30"]
[Round "5.73"]
[White "Anhalt, Albert"]
[Black "Happel, Jürgen"]
[Result "1-0"]
[WhiteElo "1909"]
[BlackElo "1574"]
[PlyCount "93"]
[EventDate "2014.??.??"]
[WhiteTeam "SG Turm Idstein"]
[BlackTeam "SV 1920 Hofheim"]

1. e4 e5 2. Nf3 Nc6 3. Bc4 d6 4. c3 Nf6 5. d3 Bd7 6. Bb3 a6 7. Nbd2 Na5 8. Bc2
c5 9. Nf1 h6 10. Ng3 Be7 11. O-O O-O 12. Qe2 Nc6 13. h3 b5 14. Rd1 b4 15. d4
cxd4 16. cxd4 Nxd4 17. Nxd4 exd4 18. Rxd4 Bb5 19. Qd2 Qc7 20. Nf5 Rfe8 21. Bb3
Bf8 22. Qf4 g5 23. Nxh6+ Bxh6 24. Qxf6 Bg7 25. Qxg5 Re5 26. Qg3 Kf8 27. Bf4
Rae8 28. Rad1 Rd8 29. Rxb4 Qc5 30. a3 a5 31. Rbd4 Be2 32. R1d2 Bb5 33. Rd5 Qb6
34. Qf3 a4 35. Bxe5 axb3 36. Bxd6+ Rxd6 37. Rxd6 Qc5 38. Qd1 Bc4 39. Rd8+ Ke7
40. R2d7+ Ke6 41. Qg4+ f5 42. Qxg7 fxe4 43. Re8+ Kf5 44. Qg4+ Kf6 45. Qf4+ Kg6
46. Rd6+ Kg7 47. Qf6+ 1-0

[Event "26.Schlosspark-Open"]
[Site "Wiesbaden-Biebrich"]
[Date "2014.08.30"]
[Round "5.74"]
[White "Diskovskyi, Igor"]
[Black "Wilke, Tabea"]
[Result "1/2-1/2"]
[WhiteElo "1564"]
[BlackElo "1750"]
[PlyCount "56"]
[EventDate "2014.??.??"]
[WhiteTeam "FC 1934 Wiesbaden-Bierstadt"]
[BlackTeam "SC 1979 Hattersheim"]

1. e4 c5 2. Bc4 Nc6 3. Nf3 e5 4. Nc3 Be7 5. O-O d6 6. h3 Be6 7. Nd5 Qd7 8. d3
h6 9. c3 g5 10. Nh2 Nf6 11. Nxf6+ Bxf6 12. Bxe6 Qxe6 13. b4 O-O-O 14. b5 Ne7
15. Be3 h5 16. Qb3 Qxb3 17. axb3 Kb8 18. g3 Rhg8 19. Ra2 b6 20. Rfa1 Nc8 21. c4
Rd7 22. Nf1 Bd8 23. Nd2 f6 24. Nb1 h4 25. g4 Rgg7 26. Nc3 Rgf7 27. Nd5 Rg7 28.
Bd2 Rgf7 1/2-1/2

[Event "26.Schlosspark-Open"]
[Site "Wiesbaden-Biebrich"]
[Date "2014.08.30"]
[Round "5.75"]
[White "Bratmann, Marc"]
[Black "Reinisch, Markus"]
[Result "1-0"]
[WhiteElo "1747"]
[BlackElo "1563"]
[PlyCount "79"]
[EventDate "2014.??.??"]
[WhiteTeam "SAbt TuS Dotzheim"]
[BlackTeam "Wiesbadener SV 1885"]

1. e4 e6 2. d4 d5 3. e5 c5 4. c3 Nc6 5. Nf3 Qb6 6. Be2 cxd4 7. cxd4 Nh6 8. Nc3
Nf5 9. Na4 Qa5+ 10. Bd2 Bb4 11. Bc3 Bd7 12. O-O Ncxd4 13. Nxd4 Bxa4 14. Bxb4
Qxb4 15. Qxa4+ Qxa4 16. Bb5+ Qxb5 17. Nxb5 Kd7 18. g4 a6 19. Nc3 Nd4 20. Na4
Rab8 21. Kg2 Ke7 22. Nb6 f6 23. exf6+ gxf6 24. Rac1 Kd6 25. Rfe1 Rhg8 26. h3
Rg7 27. Red1 e5 28. Rd3 h5 29. f3 Rf8 30. Rf1 hxg4 31. hxg4 Rc7 32. Rf2 Rc6 33.
Na4 Rfc8 34. Nc3 Rc5 35. f4 Ne6 36. Ne4+ Ke7 37. Nxc5 Nxf4+ 38. Rxf4 exf4 39.
Rxd5 b6 40. Nd3 1-0

[Event "26.Schlosspark-Open"]
[Site "Wiesbaden-Biebrich"]
[Date "2014.08.30"]
[Round "5.76"]
[White "Künne, Lutz Dieter"]
[Black "Günther, Rainer"]
[Result "1-0"]
[WhiteElo "1542"]
[BlackElo "1704"]
[PlyCount "81"]
[EventDate "2014.??.??"]
[WhiteTeam "Kings Club 98 Jena"]
[BlackTeam "SV Mainz-Mombach"]

1. e4 c5 2. Nc3 d6 3. f4 e6 4. Nf3 Nc6 5. Bb5 Bd7 6. O-O Be7 7. d3 Nf6 8. Qe1
a6 9. Ba4 O-O 10. Ne2 b5 11. Bb3 Na5 12. Nd2 Nxb3 13. axb3 Bc6 14. Nf3 Nd7 15.
Ng3 g6 16. Ng5 h6 17. Nf3 h5 18. Ng5 Bxg5 19. fxg5 Ne5 20. Bf4 a5 21. Qe2 h4
22. Nh1 Kg7 23. Bxe5+ dxe5 24. Qe3 Qd4 25. Qxd4 exd4 26. Rf4 Rh8 27. Raf1 Raf8
28. Nf2 b4 29. Ng4 Be8 30. Nh6 f6 31. gxf6+ Kxh6 32. Rxh4+ Kg5 33. Rxh8 Rxh8
34. f7 Bxf7 35. Rxf7 Ra8 36. Rc7 a4 37. Rxc5+ Kf4 38. bxa4 Rxa4 39. Kf2 b3 40.
h3 Ra2 41. g3# 1-0

[Event "26.Schlosspark-Open"]
[Site "Wiesbaden-Biebrich"]
[Date "2014.08.30"]
[Round "5.77"]
[White "Mütsch, Annmarie"]
[Black "Troeger, Beate"]
[Result "1-0"]
[WhiteElo "1701"]
[BlackElo "1540"]
[PlyCount "95"]
[EventDate "2014.??.??"]
[WhiteTeam "SC Eppingen"]
[BlackTeam "Vorw.Orient Mainz"]

1. e4 c5 2. c3 d6 3. d4 Bd7 4. Bc4 b5 5. Bb3 c4 6. Bc2 Nf6 7. h3 g6 8. e5 Nh5
9. Be4 Bc6 10. d5 Bb7 11. a4 f5 12. Bxf5 dxe5 13. Be6 Ng7 14. f3 Nxe6 15. dxe6
Qxd1+ 16. Kxd1 Bd5 17. axb5 a5 18. Ra4 Bg7 19. Ke1 O-O 20. Be3 Bxe6 21. Nd2 Bd7
22. Nxc4 h5 23. Rxa5 Rxa5 24. Nxa5 Bxb5 25. Ne2 Nc6 26. Nxc6 Bxc6 27. Bc5 Ra8
28. Kf2 Kf7 29. Re1 Ra2 30. Ba3 Bh6 31. g3 e6 32. f4 Bf8 33. Nc1 Rxa3 34. bxa3
exf4 35. gxf4 Bxa3 36. Nd3 Kf6 37. Ne5 Bc5+ 38. Ke2 Bb5+ 39. c4 Be8 40. Kf3 Ba4
41. Ra1 Be8 42. Ke4 h4 43. Ra6 Bg1 44. Ng4+ Ke7 45. Ke5 Bf7 46. Nh6 Bc5 47. Rc6
Bb4 48. Rc7+ 1-0

[Event "26.Schlosspark-Open"]
[Site "Wiesbaden-Biebrich"]
[Date "2014.08.30"]
[Round "5.78"]
[White "Färber, David"]
[Black "Kirchner, Markus"]
[Result "1-0"]
[WhiteElo "1691"]
[BlackElo "1519"]
[PlyCount "87"]
[EventDate "2014.??.??"]
[WhiteTeam "SV 1947 Walldorf"]
[BlackTeam "SF Schöneck"]

1. e4 e6 2. d4 d5 3. exd5 exd5 4. Bd3 Nf6 5. Nf3 Be7 6. O-O O-O 7. Re1 Bg4 8.
h3 Bh5 9. Bf4 Nbd7 10. Nbd2 c6 11. c3 Bg6 12. Bxg6 fxg6 13. Qb3 Nb6 14. a4 Bd6
15. Bxd6 Qxd6 16. Ne5 Qc7 17. Ndf3 Nc8 18. Ng5 Nd6 19. Ne6 Qc8 20. Nxf8 Qxf8
21. Re2 Nfe4 22. Rae1 Kh8 23. c4 dxc4 24. Nxc4 Nxc4 25. Qxc4 Nd6 26. Qe6 Nf5
27. Qe8 Nxd4 28. Qxf8+ Rxf8 29. Re8 Kg8 30. R1e7 Rxe8 31. Rxe8+ Kf7 32. Ra8 a6
33. Ra7 Ne6 34. Rxb7+ Kf6 35. Rb6 Ke5 36. Rxc6 Kd5 37. Rxa6 Nc5 38. Ra5 Kc4 39.
Rxc5+ Kxc5 40. b3 Kb4 41. Kf1 g5 42. Ke2 h5 43. Kf3 g6 44. g3 1-0

[Event "26.Schlosspark-Open"]
[Site "Wiesbaden-Biebrich"]
[Date "2014.08.30"]
[Round "5.79"]
[White "Roos, Elias"]
[Black "Sallwey, Rainer"]
[Result "1/2-1/2"]
[WhiteElo "1648"]
[BlackElo "1411"]
[PlyCount "51"]
[EventDate "2014.??.??"]
[WhiteTeam "SG Trier"]
[BlackTeam "SK Langen"]

1. e4 d5 2. exd5 Qxd5 3. Nc3 Qd6 4. Nf3 Nf6 5. d4 c6 6. Bc4 Bg4 7. Be3 e6 8. h3
Bh5 9. Qe2 Nbd7 10. O-O-O Nb6 11. Bb3 Bg6 12. Ne5 Nbd5 13. Nxd5 Nxd5 14. Nxg6
hxg6 15. Rhe1 Nxe3 16. Qxe3 O-O-O 17. Qf3 Qd7 18. Qg4 Kb8 19. c3 Bd6 20. Kb1
Rhe8 21. Qf3 Re7 22. Bc2 Rde8 23. Bb3 Bc7 24. h4 Qd6 25. g3 Qd7 26. Re3 1/2-1/2

[Event "26.Schlosspark-Open"]
[Site "Wiesbaden-Biebrich"]
[Date "2014.08.30"]
[Round "5.81"]
[White "Raitor, Sven"]
[Black "Künitz, Klaus"]
[Result "0-1"]
[WhiteElo "1493"]
[BlackElo "1604"]
[PlyCount "58"]
[EventDate "2014.??.??"]
[WhiteTeam "SK Großsachsen"]
[BlackTeam "TSV Schott Mainz"]

1. e4 e6 2. d4 d5 3. e5 c5 4. c3 Nc6 5. Be3 cxd4 6. cxd4 Bb4+ 7. Nd2 Nge7 8. a3
Ba5 9. b4 Bb6 10. Nb3 O-O 11. Bd3 Ng6 12. f4 f6 13. Qc2 fxe5 14. fxe5 Ncxe5 15.
dxe5 Bxe3 16. Bxg6 hxg6 17. Qxg6 Qh4+ 18. g3 Bf2+ 19. Kd1 Qc4 20. Qc2 Bd7 21.
Qxc4 dxc4 22. Nd2 Bc6 23. Ngf3 Bxf3+ 24. Nxf3 Rxf3 25. Rf1 Rd3+ 26. Kc2 Bd4 27.
Rae1 Rxa3 28. Re4 Ra2+ 29. Kd1 Rd8 0-1

[Event "26.Schlosspark-Open"]
[Site "Wiesbaden-Biebrich"]
[Date "2014.08.30"]
[Round "5.82"]
[White "Moseler, Thomas"]
[Black "Triantafillidis, Simeon"]
[Result "1/2-1/2"]
[WhiteElo "1628"]
[BlackElo "1361"]
[PlyCount "121"]
[EventDate "2014.??.??"]
[WhiteTeam "SK Lister Turm"]
[BlackTeam "SF HN-Biberach 1978 e.V."]

1. e4 e5 2. Nf3 Nc6 3. Bb5 a6 4. Ba4 b5 5. Bb3 Nf6 6. O-O Bc5 7. c3 d6 8. d4
Bb6 9. Bg5 Bg4 10. Bd5 Bd7 11. dxe5 dxe5 12. Nxe5 Nxe5 13. Bxa8 Qxa8 14. Bxf6
gxf6 15. Nd2 O-O 16. Kh1 Kh8 17. Nf3 Qc6 18. Nxe5 fxe5 19. Qf3 Qg6 20. h3 Bc6
21. Qf5 Bxe4 22. Qxg6 Bxg6 23. Rad1 Bf5 24. f3 Be6 25. a3 f5 26. Rfe1 Bb3 27.
Rd7 Re8 28. f4 e4 29. h4 e3 30. g3 Bc2 31. Re2 Be4+ 32. Kg1 Bf3 33. Kf1 Bxe2+
34. Kxe2 Rg8 35. Kf3 e2 36. Re7 a5 37. Rxe2 c5 38. Re6 Bd8 39. Re5 Bb6 40. Rxf5
Rg6 41. Rd5 Re6 42. b4 axb4 43. axb4 Rc6 44. bxc5 Rxc5 45. Rxc5 Bxc5 46. h5 Kg7
47. Ke4 b4 48. cxb4 Bxb4 49. Kf5 Kf7 50. g4 Bd6 51. g5 Kg7 52. Kg4 Be7 53. h6+
Kf7 54. f5 Kg8 55. f6 Bxf6 56. gxf6 Kf7 57. Kf5 Ke8 58. Ke6 Kf8 59. Kf5 Kf7 60.
Ke5 Kf8 61. Ke6 1/2-1/2

[Event "26.Schlosspark-Open"]
[Site "Wiesbaden-Biebrich"]
[Date "2014.08.30"]
[Round "5.83"]
[White "Börkey, Luis"]
[Black "Wöhl, Torsten"]
[Result "0-1"]
[WhiteElo "1095"]
[BlackElo "1626"]
[PlyCount "94"]
[EventDate "2014.??.??"]
[WhiteTeam "Wiesbadener SV 1885"]
[BlackTeam "SC Groß-Zimmern"]

1. e4 e6 2. d4 d5 3. Nc3 Bb4 4. e5 c5 5. dxc5 Bxc5 6. Nf3 Qb6 7. Qe2 Nc6 8. Rb1
Nge7 9. Be3 Bxe3 10. Qxe3 Qxe3+ 11. fxe3 Nf5 12. e4 dxe4 13. Nxe4 O-O 14. Bd3
Ne3 15. Kf2 Ng4+ 16. Ke2 Ngxe5 17. Nxe5 Nxe5 18. Rbd1 Bd7 19. Nc5 Bc6 20. Rhg1
Rad8 21. g3 Bf3+ 22. Kf2 Bxd1 23. Rxd1 b6 24. Ne4 Ng4+ 25. Ke2 Ne5 26. Ng5 Nxd3
27. Rxd3 Rxd3 28. Kxd3 h6 29. Nf3 f6 30. Nd4 Rd8 31. Kc3 e5 32. Nc6 Rc8 33. Kd3
Rxc6 34. c4 Kf7 35. b4 Ke6 36. a4 f5 37. c5 bxc5 38. b5 Rb6 39. h3 Kd5 40. g4
f4 41. h4 c4+ 42. Kd2 Kd4 43. a5 Rxb5 44. a6 f3 45. g5 Rb2+ 46. Kc1 c3 47. gxh6
f2 0-1